[Event "II Liga CS - Istok"]
[Site "Golubac"]
[Date "2008.09.28"]
[Round "3.1"]
[White "Garic, Radomir"]
[Black "Raicevic, Ivica"]
[Result "0-1"]
[WhiteElo "2251"]
[BlackElo "2303"]
[Annotator ",compaq"]
[PlyCount "55"]
[EventDate "2008.09.14"]

1. e4 e6 2. d4 d5 3. Nc3 Be7 4. Bd3 Nc6 5. Nf3 Nb4 6. O-O Nxd3 7. Qxd3 dxe4 8.
Nxe4 Nf6 9. Ng3 O-O 10. Be3 b6 11. Rad1 Bb7 12. Bc1 $11 Qc8 13. c4 c5 14. b3
Rd8 15. Bb2 Qc6 16. d5 exd5 17. Nf5 Bf8 18. Ne5 Qe6 19. Rde1 d4 20. Qh3 Be4 21.
Rxe4 Nxe4 22. Nd3 Nd6 23. g4 Nxf5 24. gxf5 Qh6 25. Qf3 Bd6 26. h3 Re8 27. Bc1
Qh4 28. Bf4 0-1

[Event "II Liga CS - Istok"]
[Site "Golubac"]
[Date "2008.09.28"]
[Round "3.1"]
[White "Marinkovic, Velibor"]
[Black "Zafirovski, Mite"]
[Result "0-1"]
[WhiteElo "2139"]
[BlackElo "2270"]
[PlyCount "65"]
[EventDate "2008.09.14"]

1. e4 c5 2. Nf3 Nc6 3. d4 cxd4 4. Nxd4 Qc7 5. Nc3 e6 6. Be2 a6 7. Be3 Nf6 8.
O-O Bb4 9. Na4 Be7 10. c4 Nxe4 11. c5 O-O 12. Rc1 Rd8 13. Bf3 Nf6 14. Nb6 Rb8
15. Qc2 g6 16. Rfd1 e5 17. Ne2 d6 18. cxd6 Rxd6 19. Rxd6 Qxd6 20. Bxc6 Bf5 21.
Qa4 bxc6 22. Ng3 Be6 23. Qxa6 Ng4 24. Qa7 Nxe3 25. fxe3 Bg5 26. Nf1 Qf8 27.
Rxc6 Rd8 28. Qa4 Qh6 29. Rc3 Qh5 30. Qe4 Qe2 31. Rc2 Qb5 32. Qc6 Qa6 33. Na4
0-1

[Event "II Liga CS - Istok"]
[Site "Golubac"]
[Date "2008.09.28"]
[Round "3.1"]
[White "Maksimovic, Boban"]
[Black "Stevic, Zarko"]
[Result "1-0"]
[WhiteElo "2186"]
[BlackElo "2290"]
[PlyCount "111"]
[EventDate "2008.09.14"]

1. c4 e5 2. Nc3 Nf6 3. g3 Nc6 4. Bg2 d6 5. Nf3 Be7 6. O-O O-O 7. d4 Bg4 8. d5
Nb8 9. h3 Bd7 10. e4 Ne8 11. Ne1 f5 12. f4 exf4 13. Bxf4 fxe4 14. Nxe4 Bf5 15.
Nc2 c5 16. dxc6 Nxc6 17. Qd5+ Kh8 18. Bg5 Nc7 19. Qd2 d5 20. cxd5 Qxd5 21. Bxe7
Nxe7 22. Ne3 Qxd2 23. Nxd2 Rad8 24. Ndc4 b6 25. Rad1 Be6 26. Rxf8+ Rxf8 27. a3
g6 28. Rd6 Kg7 29. g4 h5 30. Rd4 hxg4 31. hxg4 g5 32. Ne5 Rf4 33. Rd6 Ng6 34.
Nxg6 Kxg6 35. Rc6 Rf7 36. Be4+ Kf6 37. Bf5 Ke5 38. Kf2 Bxf5 39. gxf5 Kf4 40.
Rxc7 Rxc7 41. Nd5+ Kxf5 42. Nxc7 Ke4 43. Ke2 g4 44. Nb5 a5 45. Nc3+ Kd4 46. Kd2
Kc4 47. Kc2 Kd4 48. Ne2+ Ke3 49. Ng3 Kf4 50. Nf1 b5 51. Kc3 Ke4 52. b3 Ke5 53.
Kd3 Kd6 54. Kd4 Kc6 55. b4 axb4 56. axb4 1-0

[Event "II Liga CS - Istok"]
[Site "Golubac"]
[Date "2008.09.28"]
[Round "3.1"]
[White "Lazic, Milan"]
[Black "Milenkovic, Slavisa"]
[Result "1-0"]
[WhiteElo "2094"]
[BlackElo "2173"]
[PlyCount "80"]
[EventDate "2008.09.14"]

1. e4 c5 2. Nf3 Nc6 3. d4 cxd4 4. Nxd4 Nf6 5. Nc3 d6 6. Be2 e6 7. Be3 Be7 8.
Qd2 a6 9. O-O O-O 10. f4 Qc7 11. Bf3 Nxd4 12. Bxd4 e5 13. Be3 b5 14. Nd5 Nxd5
15. exd5 exf4 16. Bxf4 Bf6 17. c3 Bb7 18. Rac1 Rfe8 19. b3 Be5 20. c4 Qb6+ 21.
Kh1 b4 22. Be3 Bc3 23. Bxb6 Bxd2 24. Rcd1 Be3 25. Ba5 Bc5 26. a3 bxa3 27. b4
Be3 28. Rd3 a2 29. Ra3 Rac8 30. Be2 Bd2 31. Bh5 g6 32. Rxa2 Bc3 33. Be2 Re4 34.
g3 Rce8 35. Bd3 Re3 36. Rd1 Bc8 37. Bf1 Bg4 38. Rd3 Rxd3 39. Bxd3 Re1+ 40. Kg2
Re2+ 1-0

[Event "II Liga CS - Istok"]
[Site "Golubac"]
[Date "2008.09.28"]
[Round "3.2"]
[White "Pavlovic, Dean"]
[Black "Govedarica, Radovan"]
[Result "1-0"]
[WhiteElo "2277"]
[BlackElo "2399"]
[PlyCount "61"]
[EventDate "2008.09.14"]

1. c4 Nf6 2. Nc3 c5 3. g3 d5 4. cxd5 Nxd5 5. Bg2 Nc7 6. Nf3 Nc6 7. O-O e5 8. a3
Qd7 9. e3 Be7 10. Qc2 O-O 11. b3 b6 12. Bb2 Ba6 13. Rfc1 Bd3 14. Qd1 Rad8 15.
Na4 Qe6 16. b4 c4 17. Ne1 Bf5 18. Bxc6 Qxc6 19. Bxe5 Ne6 20. f4 b5 21. Nb2 Qd5
22. Bc3 Rd7 23. Qe2 Rfd8 24. Nd1 Re8 25. Nf2 Nd4 26. Bxd4 Bxb4 27. Nf3 Bxd2 28.
Rd1 Bd3 29. Nxd3 Bxe3+ 30. Bxe3 cxd3 31. Qf2 1-0

[Event "II Liga CS - Istok"]
[Site "Golubac"]
[Date "2008.09.28"]
[Round "3.2"]
[White "Dezelin, Milan"]
[Black "Panic, Milan"]
[Result "1/2-1/2"]
[WhiteElo "2318"]
[BlackElo "2200"]
[PlyCount "33"]
[EventDate "2008.09.14"]

1. d4 e6 2. Nf3 c5 3. e3 Nf6 4. Bd3 b6 5. O-O Bb7 6. Nbd2 Be7 7. b3 cxd4 8.
exd4 O-O 9. Bb2 Nc6 10. a3 Rc8 11. Re1 Re8 12. Qe2 Bf8 13. Ng5 g6 14. Qf3 d5
15. Qh3 Bg7 16. Re3 Nh5 17. Ndf3 1/2-1/2

[Event "II Liga CS - Istok"]
[Site "Golubac"]
[Date "2008.09.28"]
[Round "3.2"]
[White "Kolbert, Engelbert"]
[Black "Lapcevic, Milos"]
[Result "0-1"]
[WhiteElo "2218"]
[BlackElo "2342"]
[PlyCount "131"]
[EventDate "2008.09.14"]

1. e4 c5 2. Nf3 e6 3. c3 d5 4. exd5 Qxd5 5. d4 Nf6 6. Bd3 cxd4 7. cxd4 Bb4+ 8.
Nc3 O-O 9. O-O Bxc3 10. bxc3 b6 11. Re1 Nbd7 12. Ng5 Bb7 13. f3 e5 14. Nxh7
Nxh7 15. Be4 Qc4 16. Bxb7 Rab8 17. Be4 Qxc3 18. Be3 Nhf6 19. dxe5 Qxe5 20. Bd4
Qd6 21. Bf5 Rfe8 22. Rxe8+ Rxe8 23. Qd2 Nc5 24. Rd1 Qe7 25. Qg5 Rd8 26. Qh4 Ne6
27. Re1 Rxd4 28. Qxd4 Nxd4 29. Rxe7 Nxf5 30. Rxa7 Nd5 31. a4 g6 32. Kf2 Nfe7
33. a5 bxa5 34. Rxa5 Kg7 35. Ra6 Nc7 36. Ra7 Ned5 37. Rb7 Kf6 38. Ra7 Ne6 39.
Rb7 Nef4 40. Ra7 Nd3+ 41. Ke2 N3f4+ 42. Kf2 Ke6 43. Ra6+ Ke5 44. Ra7 f6 45. Ra5
Ne6 46. h4 f5 47. g4 Nef4 48. Kg3 Kf6 49. Ra6+ Ne6 50. Rd6 Ke5 51. Rc6 Kf6 52.
Rd6 Ndf4 53. Ra6 Nd3 54. Rd6 Ndc5 55. Rc6 Kf7 56. Rd6 fxg4 57. Kxg4 Ng7 58. Rc6
Nce6 59. Ra6 Nh5 60. Ra7+ Kf6 61. Ra6 Kf7 62. Ra7+ Kg8 63. Ra8+ Kh7 64. Ra7+
Kh6 65. Rf7 Nc5 66. Rf8 0-1

[Event "II Liga CS - Istok"]
[Site "Golubac"]
[Date "2008.09.28"]
[Round "3.2"]
[White "Djokic, Nebojsa"]
[Black "Rajkovic, Branislav"]
[Result "1/2-1/2"]
[WhiteElo "2220"]
[BlackElo "2212"]
[PlyCount "37"]
[EventDate "2008.09.14"]

1. e4 e5 2. Nf3 Nc6 3. Bb5 Bc5 4. O-O Nf6 5. d3 d6 6. c3 Bd7 7. Qe2 Qe7 8. Nbd2
a6 9. Ba4 h6 10. b4 Ba7 11. Bb3 O-O 12. Nc4 Be6 13. Ne3 Bxe3 14. Bxe3 Bxb3 15.
axb3 Qe6 16. Ra3 Rfe8 17. Bd2 d5 18. Rfa1 Rad8 19. h3 1/2-1/2

[Event "II Liga CS - Istok"]
[Site "Golubac"]
[Date "2008.09.28"]
[Round "3.2"]
[White "Kalcic, Krsta"]
[Black "Madjar, Stanislav"]
[Result "1-0"]
[WhiteElo "2178"]
[BlackElo "2205"]
[PlyCount "61"]
[EventDate "2008.09.14"]

1. e4 Nf6 2. e5 Nd5 3. d4 d6 4. Nf3 dxe5 5. Nxe5 c6 6. Nd2 Nd7 7. Ndf3 Nxe5 8.
Nxe5 Bf5 9. g4 Be6 10. Bg2 Qc7 11. O-O f6 12. Nd3 g5 13. Re1 Bf7 14. c4 Nb6 15.
b3 h5 16. f4 O-O-O 17. Be3 Bg7 18. Qf3 hxg4 19. Qxg4+ e6 20. Qg3 Bg6 21. Nc5
Bf5 22. Rad1 g4 23. d5 e5 24. dxc6 bxc6 25. Na6 Qb7 26. Nb4 Nxc4 27. Nxc6 Rxd1
28. Rxd1 Nxe3 29. Qxe3 e4 30. Qc5 Qb6 31. Ne7+ 1-0

[Event "II Liga CS - Istok"]
[Site "Golubac"]
[Date "2008.09.28"]
[Round "3.2"]
[White "Zivanovic, Nenad"]
[Black "Stojanovic, Dusan"]
[Result "1-0"]
[WhiteElo "2198"]
[BlackElo "2169"]
[PlyCount "53"]
[EventDate "2008.09.14"]

1. e4 c5 2. Nc3 Nc6 3. g3 g6 4. Bg2 Bg7 5. d3 d6 6. f4 e6 7. Nf3 Nge7 8. O-O
O-O 9. Be3 b6 10. Bf2 f5 11. Rb1 h6 12. Re1 d5 13. exd5 exd5 14. d4 c4 15. b4
cxb3 16. cxb3 Bb7 17. b4 Qd7 18. Qb3 Rad8 19. Ne5 Nxe5 20. dxe5 Kh7 21. Red1 g5
22. Rd4 gxf4 23. gxf4 Rg8 24. Rbd1 Qe6 25. Bg3 Qg6 26. Kf2 h5 27. Bf3 1-0

[Event "II Liga CS - Istok"]
[Site "Golubac"]
[Date "2008.09.28"]
[Round "3.3"]
[White "Radosavljevic, Slobodan D"]
[Black "Zlatanovic, Zoran"]
[Result "1-0"]
[WhiteElo "2267"]
[BlackElo "2203"]
[PlyCount "47"]
[EventDate "2008.09.14"]

1. c4 Nf6 2. Nf3 g6 3. g3 Bg7 4. Bg2 O-O 5. O-O c6 6. Nc3 d5 7. cxd5 cxd5 8. d4
Nc6 9. Bf4 e6 10. Rc1 Ne8 11. h4 b6 12. Nxd5 exd5 13. Rxc6 Bb7 14. Rc2 Nd6 15.
Qd3 a5 16. Rfc1 Re8 17. Ne5 Ba6 18. Qd1 Ne4 19. Rc7 Bxe5 20. Bxe5 f6 21. Bxe4
fxe5 22. dxe5 Rxe5 23. Qd4 Qf6 24. Bxd5+ 1-0

[Event "II Liga CS - Istok"]
[Site "Golubac"]
[Date "2008.09.28"]
[Round "3.3"]
[White "Tosic, Branislav"]
[Black "Markovic, Milan D"]
[Result "0-1"]
[WhiteElo "2194"]
[BlackElo "2349"]
[PlyCount "82"]
[EventDate "2008.09.14"]

1. Nf3 g6 2. d4 Nf6 3. Nc3 c5 4. d5 Bg7 5. e4 O-O 6. Nd2 d6 7. Be2 Na6 8. O-O
Nc7 9. a4 e6 10. Nc4 exd5 11. exd5 Re8 12. Bf3 b6 13. Bf4 Bf8 14. Re1 Ba6 15.
Rxe8 Ncxe8 16. Qd3 Bg7 17. Nb5 Qd7 18. Ne3 Nc7 19. c4 Nfe8 20. Qb3 Bc8 21. Nxc7
Qxc7 22. Re1 Nf6 23. Nd1 Bd7 24. Nc3 a6 25. h3 Re8 26. Rxe8+ Nxe8 27. Qc2 Qd8
28. Ne4 Bf5 29. b3 Be5 30. Bg3 Bxg3 31. fxg3 Qg5 32. Qe2 Bxe4 33. Qxe4 Kf8 34.
Qf4 Qe5 35. Kh2 Ke7 36. h4 Ng7 37. Bg4 h5 38. Bd1 Nf5 39. Bf3 Qxf4 40. gxf4
Nxh4 41. Be4 Kf6 0-1

[Event "II Liga CS - Istok"]
[Site "Golubac"]
[Date "2008.09.28"]
[Round "3.3"]
[White "Cvetanovic, Uros"]
[Black "Stojanovic, Sreten"]
[Result "1-0"]
[WhiteElo "2120"]
[BlackElo "2200"]
[PlyCount "79"]
[EventDate "2008.09.14"]

1. Nc3 d5 2. e4 dxe4 3. Nxe4 Bf5 4. Ng3 Bg6 5. Bc4 e6 6. d3 Nf6 7. N1e2 Qe7 8.
O-O Nbd7 9. Nc3 c6 10. f4 Nb6 11. Bb3 Qd7 12. Qf3 Bd6 13. Nce4 Nxe4 14. dxe4 f6
15. Qg4 f5 16. Qe2 fxe4 17. Nxe4 Bxe4 18. Qxe4 Nd5 19. f5 O-O 20. fxe6 Rxf1+
21. Kxf1 Rf8+ 22. Kg1 Qc7 23. Bg5 Bxh2+ 24. Kh1 Qe5 25. Qxe5 Bxe5 26. c4 Nc7
27. e7 Re8 28. Re1 Bf6 29. Bf4 Rxe7 30. Rxe7 Bxe7 31. Bxc7 Bf6 32. Bb8 a6 33.
c5+ Kh8 34. Be6 Bxb2 35. Bc8 Bd4 36. Ba7 Kg8 37. Bxb7 a5 38. Bxc6 Kf7 39. Be4
h5 40. c6 1-0

[Event "II Liga CS - Istok"]
[Site "Golubac"]
[Date "2008.09.28"]
[Round "3.4"]
[White "Biljanic, Ljubomir"]
[Black "Kraguljac, Pero"]
[Result "1/2-1/2"]
[WhiteElo "2306"]
[BlackElo "2207"]
[Annotator ",compaq"]
[PlyCount "41"]
[EventDate "2008.09.14"]

1. d4 Nf6 2. c4 g6 3. Nc3 Bg7 4. e4 d6 5. Nf3 O-O 6. h3 c5 7. d5 e6 8. Be2 exd5
9. cxd5 a6 10. a4 Re8 11. Qc2 Nbd7 12. Bg5 Qe7 13. Nd2 Ne5 14. Be3 b6 15. O-O
Bb7 16. Ra3 Rab8 17. Rb1 Ned7 18. b4 Rec8 19. bxc5 Nxc5 20. Rxb6 Nfd7 21. Rb1 {
...} 1/2-1/2

[Event "II Liga CS - Istok"]
[Site "Golubac"]
[Date "2008.09.28"]
[Round "3.4"]
[White "Milovanovic, Srboljub"]
[Black "Pantic, Milivoje"]
[Result "1-0"]
[WhiteElo "2229"]
[BlackElo "2172"]
[PlyCount "105"]
[EventDate "2008.09.14"]

1. d4 Nf6 2. c4 e6 3. Bg5 h6 4. Bh4 Bb4+ 5. Nc3 c5 6. d5 d6 7. Qc2 exd5 8. cxd5
O-O 9. Rd1 Nbd7 10. f3 Re8 11. e4 Nxe4 12. Bxd8 Nxc3+ 13. Kf2 Nxd1+ 14. Qxd1
Rxd8 15. Bd3 Ne5 16. Bb1 c4 17. g4 Bc5+ 18. Kg3 Bd7 19. Ne2 Re8 20. Nf4 Bb5 21.
h4 Be3 22. Ng2 Nd7 23. Nxe3 Rxe3 24. Qd2 Rae8 25. Qb4 Ba6 26. Qxd6 Ne5 27. Be4
b6 28. Qc7 Bc8 29. d6 Nxg4 30. d7 Bxd7 31. Qxd7 Nf6 32. Qxe8+ Nxe8 33. Kf2 Rxe4
34. fxe4 Kf8 35. Ke3 Ke7 36. Kd4 Nd6 37. Kd5 h5 38. Rg1 g6 39. a4 Nb7 40. Kxc4
Nc5 41. a5 Nxe4 42. a6 Kd7 43. Re1 Nd6+ 44. Kd5 Nf5 45. Re4 f6 46. Rb4 g5 47.
Rxb6 Ne7+ 48. Ke4 Nc8 49. Rxf6 gxh4 50. Kd5 Kc7 51. Kc5 Nb6 52. Rh6 Nd7+ 53.
Kb5 1-0

[Event "II Liga CS - Istok"]
[Site "Golubac"]
[Date "2008.09.28"]
[Round "3.4"]
[White "Vulicevic, Bratimir"]
[Black "Petrovic, Dragan"]
[Result "0-1"]
[WhiteElo "2150"]
[BlackElo "2189"]
[PlyCount "82"]
[EventDate "2008.09.14"]

1. d4 Nf6 2. Nf3 e6 3. c4 b6 4. g3 Bb7 5. Bg2 Bb4+ 6. Bd2 Bxd2+ 7. Nbxd2 O-O 8.
O-O Qe7 9. Re1 d6 10. e4 e5 11. d5 Nbd7 12. Qc2 a5 13. b3 g6 14. a3 Nh5 15. b4
f5 16. Qc3 f4 17. g4 Ng7 18. g5 c5 19. dxc6 Bxc6 20. h4 Ne6 21. Bh3 Ra7 22. Qd3
Rfa8 23. Qc3 Rc7 24. Qd3 Ndf8 25. Nb3 a4 26. Nbd2 Rac8 27. Rac1 Bb7 28. Rc3 Kg7
29. Rec1 Ra8 30. Nf1 h6 31. gxh6+ Kxh6 32. N1h2 Kg7 33. Rd1 Rd8 34. Qc2 Nh7 35.
Qd3 Nf6 36. Ng4 Nxe4 37. Rcc1 Nf6 38. Nxf6 Qxf6 39. Re1 Bxf3 40. Qxf3 Nd4 41.
Qg4 Rh8 0-1

[Event "II Liga CS - Istok"]
[Site "Golubac"]
[Date "2008.09.28"]
[Round "3.4"]
[White "Zivkovic, Nemanja"]
[Black "Djukic, Stevan"]
[Result "0-1"]
[WhiteElo "2072"]
[BlackElo "2205"]
[PlyCount "65"]
[EventDate "2008.09.14"]

1. e4 c5 2. Nf3 Nc6 3. d4 cxd4 4. Nxd4 Qc7 5. Nc3 e6 6. a3 a6 7. Be3 Nf6 8. Be2
Ne5 9. f4 Nc4 10. Bxc4 Qxc4 11. Qf3 Bc5 12. Nb3 Bxe3 13. Qxe3 b6 14. O-O-O Bb7
15. Rd4 Qc7 16. Rhd1 Rc8 17. R1d2 O-O 18. Rd6 Bc6 19. h3 Rfd8 20. g4 Ne8 21.
R6d3 Qb7 22. e5 f6 23. Nd4 fxe5 24. Qxe5 Nf6 25. g5 Nh5 26. f5 exf5 27. Nxf5
Re8 28. Ne7+ Kh8 29. Qd6 Ra8 30. Rf2 b5 31. Rf7 a5 32. g6 b4 33. Nd1 0-1

[Event "II Liga CS - Istok"]
[Site "Golubac"]
[Date "2008.09.28"]
[Round "3.4"]
[White "Radosavljevic, Novica"]
[Black "Trickovic, Vladimir"]
[Result "1-0"]
[WhiteElo "2125"]
[BlackElo "1946"]
[PlyCount "120"]
[EventDate "2008.09.14"]

1. Nf3 Nf6 2. g3 d5 3. c4 Bf5 4. cxd5 Nxd5 5. e4 Bg4 6. exd5 Qxd5 7. Bg2 Qe4+
8. Qe2 Qxe2+ 9. Kxe2 Nc6 10. Kf1 O-O-O 11. Nc3 f6 12. Ng1 Nd4 13. Bh3 Bxh3+ 14.
Nxh3 Nf3 15. Ke2 Nd4+ 16. Kd1 e5 17. Ne2 Nf3 18. Nhg1 Ng5 19. Nc3 Bc5 20. Ke2
Ne6 21. Nf3 Rhe8 22. d3 Nd4+ 23. Nxd4 exd4+ 24. Ne4 f5 25. f3 fxe4 26. fxe4 Rf8
27. Bg5 Rde8 28. Rac1 Bd6 29. Rhf1 Kd7 30. Bf4 b5 31. h4 c5 32. b3 Rc8 33. Bxd6
Kxd6 34. Rf4 Rxf4 35. gxf4 g6 36. Rg1 a5 37. Rg5 a4 38. h5 axb3 39. axb3 Ra8
40. hxg6 Ra2+ 41. Kf3 hxg6 42. Rxg6+ Kd7 43. e5 Rb2 44. Ke4 Rxb3 45. Kd5 Rxd3
46. Rg7+ Ke8 47. Ke6 Kf8 48. Rb7 c4 49. Rxb5 c3 50. Rc5 Rf3 51. f5 Kg7 52. Rc4
Rf4 53. Rc8 Rf3 54. Rc7+ Kh6 55. Kf6 Rf2 56. Rc4 c2 57. e6 Kh5 58. e7 Re2 59.
Rxc2 Rxc2 60. e8=Q+ Kh4 1-0

[Event "II Liga CS - Istok"]
[Site "Golubac"]
[Date "2008.09.28"]
[Round "3.5"]
[White "Dimitrijevic, Srdjan"]
[Black "Stojanovic, Zlatko"]
[Result "1/2-1/2"]
[WhiteElo "2297"]
[BlackElo "2270"]
[Annotator ",compaq"]
[PlyCount "76"]
[EventDate "2008.09.14"]

1. e4 e6 2. d3 d5 3. Qe2 Be7 4. Nf3 Nc6 5. e5 f6 6. Bf4 fxe5 7. Nxe5 Nf6 8. g3
Nd4 9. Qd1 O-O 10. Bg2 Nd7 11. O-O Nxe5 12. Bxe5 Nc6 13. f4 Nxe5 14. fxe5 Rxf1+
15. Bxf1 c5 16. Nd2 Qb6 17. Rb1 c4+ 18. Kh1 Bd7 19. b3 c3 20. Nf3 Rf8 21. Qe2
Be8 22. Bh3 Bh5 23. Rf1 Bxf3+ 24. Rxf3 Rxf3 25. Qxf3 g6 $11 26. Qf4 Kg7 27. a4
a5 28. d4 h6 29. Bf1 Qd8 30. Qg4 Qf8 31. Bd3 Qf7 32. h4 h5 33. Qe2 g5 34. g4
Qf4 35. gxh5 Qxh4+ 36. Qh2 Qe1+ 37. Qg1 Qh4+ 38. Qh2 Qe1+ 1/2-1/2

[Event "II Liga CS - Istok"]
[Site "Golubac"]
[Date "2008.09.28"]
[Round "3.5"]
[White "Nikolic, Zoran S"]
[Black "Petkovic, Dragoslav"]
[Result "1-0"]
[WhiteElo "2201"]
[BlackElo "2263"]
[PlyCount "107"]
[EventDate "2008.09.14"]

1. e4 d6 2. d4 Nf6 3. Nc3 c6 4. Bc4 b5 5. Bd3 e5 6. dxe5 dxe5 7. a4 b4 8. Nb1
Nbd7 9. Nf3 Qc7 10. Nbd2 Nc5 11. Qe2 Bg4 12. Nc4 Ne6 13. Be3 Nd7 14. h3 Bh5 15.
g4 Bg6 16. Nh4 Ndc5 17. Nf5 O-O-O 18. b3 Nxd3+ 19. cxd3 Bc5 20. O-O-O Bxf5 21.
exf5 Nd4 22. Bxd4 Bxd4 23. Kc2 Rhe8 24. Nd2 Qb6 25. Ne4 Rd5 26. Kb1 Red8 27.
Rc1 Kb7 28. Rc4 a5 29. Rhc1 c5 30. g5 Qc6 31. Ka2 Kb6 32. Qh5 Bc3 33. Nxc3 bxc3
34. R1xc3 e4 35. d4 g6 36. Qxh7 Rxf5 37. Rc2 Qe6 38. Qg7 Rf3 39. dxc5+ Kc6 40.
R4c3 Rdd3 41. Qh8 Rxc3 42. Rxc3 Rxc3 43. Qxc3 Qf5 44. Qf6+ Kxc5 45. Qxf5+ gxf5
46. Kb2 f4 47. Kc2 Kd4 48. h4 Ke5 49. h5 Kf5 50. h6 Kg6 51. Kc3 f6 52. gxf6
Kxf6 53. Kc4 e3 54. fxe3 1-0

[Event "II Liga CS - Istok"]
[Site "Golubac"]
[Date "2008.09.28"]
[Round "3.5"]
[White "Stankovic, Ivan G"]
[Black "Batanjac, Aleksandar"]
[Result "1/2-1/2"]
[WhiteElo "2025"]
[BlackElo "2177"]
[PlyCount "78"]
[EventDate "2008.09.14"]

1. e4 e6 2. d3 d5 3. Qe2 Nf6 4. e5 Nfd7 5. Nf3 c5 6. g3 Nc6 7. Bg2 h6 8. h4 g6
9. Bf4 Rg8 10. Qd2 Be7 11. Bxh6 Ndxe5 12. Nxe5 Nxe5 13. Qe2 Nc6 14. Nc3 Nd4 15.
Qd2 Bd7 16. O-O-O Bc6 17. Rde1 Qa5 18. Kb1 Qb6 19. g4 O-O-O 20. Ne2 Nxe2 21.
Qxe2 Bf6 22. Bc1 Bh8 23. f4 a5 24. h5 gxh5 25. Rxh5 Bb5 26. c4 dxc4 27. dxc4
Bc6 28. Bxc6 Qxc6 29. f5 Rge8 30. Qe4 Qxe4+ 31. Rxe4 Bd4 32. fxe6 Rxe6 33. Rxe6
fxe6 34. Kc2 Rf8 35. Rh2 Kd7 36. g5 Rf3 37. Rg2 Kd6 38. g6 Bg7 39. Rd2+ Ke7
1/2-1/2

[Event "II Liga CS - Istok"]
[Site "Golubac"]
[Date "2008.09.28"]
[Round "3.5"]
[White "Marinkovic, Vojkan"]
[Black "Puzic, Slobodan"]
[Result "1/2-1/2"]
[WhiteElo "2054"]
[BlackElo "2151"]
[PlyCount "101"]
[EventDate "2008.09.14"]

1. e4 d6 2. d4 Nf6 3. Nc3 g6 4. f4 Bg7 5. Be2 c5 6. Be3 cxd4 7. Bxd4 Nc6 8. Bb5
O-O 9. Bxc6 bxc6 10. Nge2 c5 11. Bxf6 Bxf6 12. O-O Rb8 13. Rb1 Ba6 14. Rf3 Bg7
15. f5 Be5 16. fxg6 hxg6 17. Qd2 e6 18. Rh3 Qf6 19. b3 Rb4 20. a3 Rb6 21. Nd1
Bxe2 22. Qxe2 Rfb8 23. Ne3 Bd4 24. Rf1 Qe5 25. Qf3 R6b7 26. Kh1 Bxe3 27. Qxe3
c4 28. b4 Rd7 29. c3 d5 30. Qh6 Qg7 31. Qf4 Rbd8 32. exd5 exd5 33. Rhf3 d4 34.
cxd4 Rxd4 35. Qc7 R8d7 36. Qc5 Qf8 37. Qg5 Qg7 38. h3 Rd3 39. Rf6 c3 40. Qc5
Rd1 41. Kh2 Rxf1 42. Rxf1 Qd4 43. Qxd4 Rxd4 44. Rc1 Rc4 45. Kg1 c2 46. Kf2 Rc3
47. a4 Rc4 48. b5 Rxa4 49. Rxc2 Rb4 50. Rc8+ Kg7 51. Ra8 1/2-1/2

[Event "II Liga CS - Istok"]
[Site "Golubac"]
[Date "2008.09.28"]
[Round "3.6"]
[White "Popovic, Slobodan"]
[Black "Kostic, Nebojsa"]
[Result "0-1"]
[WhiteElo "2137"]
[BlackElo "2315"]
[PlyCount "96"]
[EventDate "2008.09.14"]

1. c4 c6 2. d4 d6 3. Nc3 Qc7 4. e4 e5 5. d5 Be7 6. Bd3 Nf6 7. h3 O-O 8. Be3 c5
9. Nge2 Nbd7 10. Ng3 g6 11. O-O Ne8 12. Bh6 Ng7 13. Qd2 a6 14. a4 b6 15. Nd1
Rb8 16. Ne3 Nf6 17. f4 exf4 18. Rxf4 Nd7 19. Raf1 Ne5 20. Be2 Qd8 21. Nef5 Bxf5
22. exf5 f6 23. Bd3 Rf7 24. Qc2 g5 25. Re4 Ne8 26. Be2 Bf8 27. Bxf8 Kxf8 28.
Bh5 Rfb7 29. h4 h6 30. Rxe5 dxe5 31. Bxe8 Qxe8 32. Ne4 Kg7 33. Qd1 Qf7 34. b3
a5 35. Nd6 Qf8 36. Nxb7 Rxb7 37. Qh5 gxh4 38. Rf3 Kh7 39. Qxh4 Rg7 40. Rh3 Rg5
41. d6 h5 42. Rd3 Qg7 43. Qxg5 Qxg5 44. d7 Qc1+ 45. Kf2 Qf4+ 46. Ke1 e4 47.
d8=Q exd3 48. Qxd3 Kh6 0-1

[Event "II Liga CS - Istok"]
[Site "Golubac"]
[Date "2008.09.28"]
[Round "3.6"]
[White "Mitrovic, Darko R"]
[Black "Djuric, Ranko"]
[Result "1-0"]
[WhiteElo "2321"]
[BlackElo "2148"]
[PlyCount "89"]
[EventDate "2008.09.14"]

1. e4 c5 2. Nf3 d6 3. d4 cxd4 4. Nxd4 Nf6 5. Nc3 g6 6. Be3 Bg7 7. f3 O-O 8. Qd2
Nc6 9. O-O-O Bd7 10. g4 Bxg4 11. fxg4 Nxg4 12. Nxc6 bxc6 13. Be2 Nxe3 14. Qxe3
Qa5 15. Bc4 e6 16. Rxd6 Rad8 17. Rxd8 Rxd8 18. Rd1 Rxd1+ 19. Nxd1 Qh5 20. Qe2
Qc5 21. c3 Be5 22. Bd3 Qg1 23. h3 Qg3 24. Qf1 Qh2 25. a3 h5 26. Kb1 Kg7 27. Ka2
g5 28. Be2 g4 29. hxg4 h4 30. Qf2 Qh1 31. Bf3 Qh3 32. Qg2 Qxg2 33. Bxg2 Kf6 34.
Nf2 Kg5 35. Nd3 Bc7 36. Bh3 Bb6 37. Kb3 f6 38. Kc4 Be3 39. b4 Bd2 40. Kc5 Bxc3
41. Kxc6 Ba1 42. Kd6 e5 43. b5 Bd4 44. a4 Bb6 45. Kc6 1-0

[Event "II Liga CS - Istok"]
[Site "Golubac"]
[Date "2008.09.28"]
[Round "3.6"]
[White "Rolj, Petar"]
[Black "Djokic, Vladan"]
[Result "0-1"]
[WhiteElo "2061"]
[BlackElo "2284"]
[PlyCount "84"]
[EventDate "2008.09.14"]

1. e4 c5 2. Nf3 e6 3. d4 cxd4 4. Nxd4 a6 5. Nc3 Qc7 6. a3 Nf6 7. Be3 b5 8. Bd3
Bb7 9. O-O Nc6 10. Kh1 h5 11. Nxc6 dxc6 12. f3 c5 13. Qe1 c4 14. Be2 Bd6 15. h3
h4 16. Bg5 Nh5 17. Bxh4 Bg3 18. Bxg3 Nxg3+ 19. Kg1 Nxf1 20. Bxf1 Qc5+ 21. Kh1
Rd8 22. Qg3 Kf8 23. f4 Rd2 24. f5 e5 25. Nd5 Bxd5 26. Qxe5 Qe7 27. Qb8+ Qe8 28.
Qd6+ Kg8 29. exd5 Rxh3+ 30. gxh3 Qe4+ 31. Kg1 Qe3+ 32. Kh1 Qf3+ 33. Kg1 Kh7 34.
Qe5 Qf2+ 35. Kh1 f6 36. Qd6 Rxc2 37. Rb1 Rd2 38. Ra1 Rxb2 39. Qc7 Rd2 40. Rc1
c3 41. Qd6 c2 42. Qc7 Rd1 0-1

[Event "II Liga CS - Istok"]
[Site "Golubac"]
[Date "2008.09.28"]
[Round "3.6"]
[White "Zivic, Dragan"]
[Black "Jovic, Dusan"]
[Result "1-0"]
[WhiteElo "2303"]
[BlackElo "2150"]
[Annotator ",compaq"]
[PlyCount "41"]
[EventDate "2008.09.14"]

1. e4 e5 2. Bc4 Nc6 3. d3 Nf6 4. Nf3 Bc5 5. c3 O-O 6. Bb3 d5 7. Qe2 dxe4 8.
dxe4 Bg4 9. O-O h6 10. h3 Bh5 11. Nbd2 Qe7 12. Re1 Rad8 13. Nf1 g5 14. Ng3 Bg6
15. Nh2 a6 16. Qf3 Kg7 17. h4 gxh4 18. Nf5+ Bxf5 19. Qxf5 Rd7 20. Nf3 Ba7 21.
Nxh4 {...} 1-0

[Event "II Liga CS - Istok"]
[Site "Golubac"]
[Date "2008.09.28"]
[Round "3.6"]
[White "Rakovic, Miroslav"]
[Black "Stankovic, Dejan"]
[Result "0-1"]
[WhiteElo "2042"]
[BlackElo "2228"]
[PlyCount "66"]
[EventDate "2008.09.14"]

1. e4 e5 2. Nf3 Nf6 3. Nxe5 d6 4. Nf3 Nxe4 5. Nc3 Nf6 6. d4 d5 7. h3 Bb4 8. Bd3
Qe7+ 9. Be3 Ne4 10. O-O Bxc3 11. bxc3 Nxc3 12. Qd2 Ne4 13. Qe2 O-O 14. Rfe1 f5
15. Bf4 Nc6 16. c4 Be6 17. c5 h6 18. h4 Rae8 19. Qb2 g5 20. Bh2 g4 21. Bxe4
dxe4 22. Ne5 Nxe5 23. Bxe5 Bd5 24. g3 f4 25. Bxf4 Rxf4 26. gxf4 Qxh4 27. Re3
Rf8 28. Kg2 Rxf4 29. Rh1 Qg5 30. Qb5 Rf8 31. Qd7 h5 32. Qxc7 h4 33. Kf1 Qxe3
0-1